000 00846nam a2200265Ia 4500
003 OSt
005 20220918110510.0
006 a|||||r|||| 00| 0
007 ta
008 220915b |||||||| |||| 00| 0 eng d
020 _a9780199225996 (hbk)
_c9588.35
024 _a16,290
037 _b249, 24/03/2014, Om Book Distributors
_cReference Collections
040 _aARTS
_cARTS
_beng
041 _2eng
_aeng
082 _aVv, Q1.5(RR)
100 _aSchneider Axel
_98064
245 0 _aOxford history of historical writing
260 _aOxford
_bOxford University Press Uk
_c2011
300 _axx,718p.
490 _vVol.5
_aOxford history of historical writings
650 _aHISTORY
942 _hVv, Q1.5(RR)
_cREF
999 _c113056
_d113056